| 000 | 00775nam a2200193Ia 4500 | ||
|---|---|---|---|
| 003 | OSt | ||
| 005 | 20250415142341.0 | ||
| 008 | 191128s1983 ck er 000 f spa d | ||
| 040 |
_aCO-JMCR _cCO-JMCR |
||
| 041 | _aspa | ||
| 082 | 0 | 4 |
_aA-N _bGREt |
| 100 | 1 |
_aGreene, Graham, _eautor _97151 |
|
| 245 | 1 | 3 |
_aEl tercer hombre el ídolo caído / _cGraham Greene |
| 260 | 1 | 4 |
_aBogotá : _bCirculo de Lectores, _c1983 |
| 300 |
_a186 páginas ; _c20 cm. |
||
| 520 | _aEstamos en Viena, en la inmediata postguerra. Ocupada por las cuatro potencias vencedoras, la capital del antiguo imperio austrohúngaro es uno de los puntos neurálgicos de la guerra fría que, aún no declarada, se está gestando velozmente. En ese panorama | ||
| 650 | 1 | 4 |
_aNovela inglesa _9193 |
| 942 |
_2ddc _cBK |
||
| 999 |
_c3524 _d3524 |
||